Los orígenes del pensamiento griego /

Guardado en:
Autor Principal: Vernant, Jean Pierre
Formato: Libro
Publicado: Buenos Aires : Eudeba, 1979
Edición:2a. ed.
Series:Lectores, 77
Materias:
Etiquetas: Agregar Etiqueta
Sin Etiquetas, Sea el primero en etiquetar este registro!
LEADER 00599nam a22002175a 4500
001 CEM.cems006529
005 20060214000000.0
008 130507s1979##################000#0#####d
003 CEMS
082 0 4 |a 938 
100 1 |a Vernant, Jean Pierre 
245 1 0 |a Los orígenes del pensamiento griego / 
250 |a 2a. ed. 
260 |a Buenos Aires :  |b Eudeba,  |c 1979 
300 |a 109 p. 
490 0 |a Lectores, 77 
653 |a Historia 
653 |a Historia antigua y medieval 
653 |a Historia de grecia 
653 |a Pensamiento griego 
859 |a CEMS  |b BIB. CEMS - 11 de abril  |h 938  |i V594a2  |p 7700.80  |t Ej.1